Principales veines systémiques du système cardio-vasculaire - Statistiques

Statistiques générales
  • Ce quiz a été pris 156 fois
  • Le résultat moyen est 9 sur 27
Statistiques - réponses
Hint Réponse % Correct
Veine cave supérieure
71%
Veine cave inférieure
68%
Veine jugulaire interne
61%
Cou Veine jugulaire externe
58%
Veine fémorale
51%
Veine brachiale
47%
Veine subclavière
47%
Bras Veine céphalique
39%
Veine radiale
39%
Veine rénale
39%
Veine iliaque externe
34%
Veine iliaque interne
34%
Veine ulnaire
34%
Veine poplitée
31%
Veine axillaire
27%
Veine azygos
27%
Veine basilique
27%
Tronc Veine brachio-céphalique
27%
Veine iliaque commune
27%
Veine tibiale antérieure
22%
Veine tibiale postérieure
22%
Grande veine saphène
10%
Veines intercostales
8%
Arcade palmaire veineuse superficielle
5%
Arcade veineuse dorsale
5%
Jambe Veine profonde de la cuisse ( fémorale profonde )
5%
Veine digitales palmaires
3%
Aucun quiz correspondant
Distribution des résultats
% des personnes avec chaque résultat
Percentile par nombre de réponses
Votre historique - résultats
Vous n’avez pas pris ce quiz